| 000 | 00744nam a2200205 a 4500 | ||
|---|---|---|---|
| 003 | 0 | ||
| 005 | 20250317130917.0 | ||
| 008 | 071127s19uu xx 00 eng d | ||
| 050 |
_aPGS HF 5827.85.B63 _b.H557 2007 |
||
| 100 | _aHernandez, Scarlett Claudine S. | ||
| 245 |
_aEffects of mass media on body image / _cScarlett Claudine S. Hernandez. |
||
| 260 |
_aLas PiƱas City, Philippines : _bSouthville International School and Colleges, _c2007. |
||
| 300 |
_a53 pages : _billustrations ; _c28 cm. |
||
| 504 | _aIncludes bibliographical references. | ||
| 650 | _aMass media and youth. | ||
| 650 |
_aAdvertising _vPsychological aspects. |
||
| 650 | _aBody image in adolescence. | ||
| 650 | _aSelf-perception in youth. | ||
| 942 |
_2lcc _cPASS |
||
| 999 |
_c97713 _d97713 |
||